000 00861nam a2200217Ii 4500
003 JO-AjNU
008 230605s9999||||xx |||||||||||||| ||und||
040 _aJO-AjNU
_bara
_erda
_cJO-AjNU
041 _aara
050 1 4 _aKD6850.S58.2004
100 3 _aشكري ، فهمي محمود ,
_eauthor
_925148
245 0 0 _aموسوعة القضاء البريطاني : تنظيم القضاء البريطاني - نظام المحلفين - الإجراءات القضائية
250 _aط1
264 3 1 _aعمان : مكتبة دار الثقافة ، 2004
300 _a410ص
_bيشتمل على مراجع ص ( 403 - 404 )
336 _atext
_btxt
_2rdacontent
337 _aunmediated
_bn
_2rdamedia
338 _avolume
_bnc
_2rdacarrier
490 0 _aسلسلة الكتب القانونية (497 )
650 4 _aالقضاء - انجلترا
_925149
999 _aA9368
_c12936
_d12936